Právna povaha cenných papierov

Cenné papiere ako predmet súkromnoprávnych vzťahov. Pojem cenný papier. Cenný papier v českom Občianskom zákonníku.

Salvato in:
Dettagli Bibliografici
Autore principale: Holub, Dušan
Natura: Capitolo di libro
Lingua:slovacco
Soggetti:
Tags: Aggiungi Tag
Nessun Tag, puoi essere il primo ad aggiungerne!!

MARC

LEADER 00000naa a2200000 4500
001 0198344
005 20240502073341.8
041 0 |a slo 
044 |a SK 
245 1 0 |a Právna povaha cenných papierov  |c Dušan Holub 
520 |a Cenné papiere ako predmet súkromnoprávnych vzťahov. Pojem cenný papier. Cenný papier v českom Občianskom zákonníku. 
610 2 0 |a papiere cenné 
610 2 0 |a zákonník občiansky 
610 2 0 |a zákonník obchodný 
610 2 0 |a Slovensko 
610 2 0 |a Česko 
100 1 |a Holub, Dušan